000 01752nam a22003137a 4500
005 20110426154449.0
008 090408t xxu||||| |||| 00| 0 hin d
010 _aHIN-96625 B-490620
020 _a9788192033174
_c250.00
035 _aHN-68971 B-490620
037 _bDBAD / PUB
037 _bप्रकाशन संस्थान
040 _aDPL
_bHN
082 _a611
100 _927482
_aसिन्हा,सुरेश
245 _aरहस्मयी मानव शरीर /
_cसुरेश सिन्हा
260 _aनई दिल्ली
_bउत्कृष्ट साहित्य
_c2011
270 _a6-7, श्याम भवन एन.एस.मार्ग दरिया गंज
_bनई दिल्ली
_e110002
300 _a160पृ
_c22 सेमी (सजिल्द)
650 _91169
650 _91170
700 _927483
710 _952094
942 _adpl
_cHN
_2ddc
_mसिन्हासु
_h611
999 _c69790
_d69790